| 000 | 00527cam a22002171 4500 | ||
|---|---|---|---|
| 001 | 6988236 | ||
| 005 | 20180130052128.0 | ||
| 008 | 750724s1955 xx 000 0 eng | ||
| 010 | _a 55008894 | ||
| 035 | _a(OCoLC)1473103 | ||
| 040 |
_aDLC _cFM _dDLC |
||
| 041 | _aeng | ||
| 042 | _apremarc | ||
| 080 | _a646 CAR | ||
| 082 | _a646 CAR | ||
| 100 | 1 | _a44 | |
| 101 | _aART | ||
| 245 | 1 | 0 | _aHow you look and dress; |
| 906 |
_a7 _bcbc _coclcrpl _du _encip _f19 _gy-gencatlg |
||
| 942 |
_2ddc _cBK |
||
| 999 |
_c41266 _d41266 |
||